00801nam a2200229 i 4500001000300000100002600003245009400029250004700123260003500170300002700205490003100232504001200263650005900275700002000334830003100354020001500385040000800400041000700408080001700415008004100432856009800473bg1 aŁYSAKOWSKI, Waldemar10aUstawa o zamówieniach publicznych :bkomentarz /cWaldemar Łysakowski, Jerzy Pieróg. a2 wyd.a[stan prawny 15 sierpnia 1998 r.]. aWarszawa :bC. H. Beck,c1998. aXIII, 340 s. ;c20 cm.1 aKrótkie Komentarze Becka aIndeks. 9aZamówienia publicznexprawozPolskaystan na 1998 r.1 aPIERÓG, Jerzy aKrótkie Komentarze Becka a8371102283 cBPK0 apl a351.712(438) s pl f |000 0 pol  uhttp://koha.tu.koszalin.pl/cgi-bin/koha/opac-detail.pl?biblionumber=34550yKatalog online BPK